00714 2200241 4500001002100000005001700021008004100038035002400079082001100103090002100114100001900135245009200154250001100246260002800257300002400285500005700309650003500366700002100401700001400422850001500436985000600451999001500457YOGYA-0209000002883920090227024253.0 ind  0010-020900000028839 a615.82 a615.82bBer GlT aBERGSON, Anika aGambar titik-titik ShiatzubPijat cara JepangcAnika Bergson dan ;penerjemah S.M. Ardan aCet. 1 aJakartabBahterac[s.a] a52 hlmbilusc18 cm aJudul asli : Shiatzu-Japanese pressure point massage aPijat - Pengobatan cara Jepang aTuchak, Vladimir aArdan S.M aYOPDYOG(B) a1 aP000008073